| 000 | 00398nam a2200157Ia 4500 | ||
|---|---|---|---|
| 008 | 210716s2005 xx 000 0 und d | ||
| 020 | _a8183181155 | ||
| 041 | _aeng | ||
| 082 | _a658.8342 CHUS | ||
| 100 | _aChunawalla, S A. | ||
| 245 | _aCommentary on consumer behaviour. | ||
| 250 | _a1 | ||
| 260 |
_aMumbai _bHimalaya Publishing House _c2005 |
||
| 300 | _a282 | ||
| 650 | _aConsumer Behavior | ||
| 999 |
_c199780 _d199780 |
||